| 000 | 00792cab a2200241 4500 | ||
|---|---|---|---|
| 001 | WB2737-23 | ||
| 008 | 090401t1991 xxu||||| |||| 00| 0 eng d | ||
| 035 | _a(Sirsi) u56751 | ||
| 041 | _aeng | ||
| 245 | _aForeign banks race to lend on projects | ||
| 260 | _c1991 | ||
| 350 | _a0 | ||
| 490 |
_aDaily Telegraph _v24 September 1991, 25(1) |
||
| 520 | _aOverseas banks are providing a much greater proportion of lending to property companies than they were five years ago and are still keen to finance major projects, according to Healey and Baker. | ||
| 650 | _aBANK LENDING | ||
| 650 | _aBANKS | ||
| 650 | _aCONSTRUCTION PROJECTS | ||
| 650 | _aFOREIGN INVESTMENT | ||
| 650 | _aLOANS | ||
| 690 | _aPROPERTY-PROPERTY FINANCE AND INVESTMENT | ||
| 942 | _n0 | ||
| 948 | _c04/03/1997 | ||
| 999 |
_c34640 _d34640 |
||